Quizzes
Events
Quiz Creation
Community
Videos
Private Events
Remove Ads
Sign In
Join for FREE
Feedback
Dark Mode
Quiz Categories
Sports
Geography
Music
Movies
Television
Just For Fun
Miscellaneous
History
Literature
Language
Science
Gaming
Entertainment
Religion
Holiday
For Kids
Quiz Lab
Recent
Popular Today
Quiz Kudos Today
Editor Picks
Curator Picks
Quizzes by...
Day
Popularity
Type
Ratings
Length
Year
Community
Subscriptions
Recent Discussions
Orange Saloon
Badges
Playlists
Quests
Create
Leaderboards
Showdown
Live 5
Trivia Bingo
Activity
Puzzle Library
Sporcle Events
Private Events
Virtual Trivia
Globe League
Become a Host
Pub Owners
SporcleCon
Opinionation
Our Games
Videos
Blog
Mobile Apps
Partnerships
Remove Ads and Go Orange
Feedback
Television
TV Characters
TV Show
Sitcom
Network
Friends
Reality Shows
Cast
South Park
Star Trek
The Simpsons
Doctor Who
Television
TV Characters
TV Show
Sitcom
Network
Friends
Reality Shows
Cast
South Park
Star Trek
The Simpsons
Doctor Who
Random Quiz
Search Sporcle
×
Quiz Lab
Quiz Lab
Television
Walking
Type in answers that appear in a list
Type in answers that appear in a list
Classic
Best Score? Go Orange.
Walking Dead Line-Up Stats
Can you name the order of Negan's line-up in the season 6 finale of The Walking Dead starting from his left?
By
fourtris5eva
60s
11 Questions
8,370 Plays
8,370 Plays
8,370 Plays
Comments
Comments
Give Quiz Kudos
Give Quiz Kudos
-
- Ratings
hide this ad
Forced Order
Answers have to be entered in order
Answers have to be entered in order
Replay
Link that replays current quiz
Next Quiz
Link to next quiz in quiz playlist
You Got
0%
They Got
Avg Score
53%
Avg Friend Score
Upgrade to see
Score Distribution
Jump to the score distribution portion of the page
Score
0/11
Timer
01:00
0
Plays Today
Position
Name
% Correct
1
Glenn
94.7%
2
Rosita
68.9%
3
Daryl
66.3%
7
Rick
55.6%
5
Abraham
52.8%
4
Michonne
50.2%
6
Maggie
47.7%
10
Carl
42.9%
11
Eugene
37.3%
8
Sasha
36.7%
9
Aaron
33.3%
Quiz Playlist
Details
Report
Send in Message
Add To Playlist
Classic:
Type in answers that appear in a list
Forced Order:
Answers have to be entered in order
Last Updated: Feb 16, 2017
Quiz Scoreboard
CHALLENGE
Sign Up to Join the Scoreboard
Show All
Scores
Hide
Comments
May contain spoilers
Recently Published
Pick 6: Fruits
by JohnFran
Miscellaneous
15s
Click the 1999 NBA Draft
by nibperrychub
Sports
2m
Alphabetical 'K' Countries by Flag Minefield
by ylime102
Geography
3m
More to Explore
Quiz From the Vault
Featured Blog Post
15 Basketball Trivia Facts You Can Be March Mad About
hide this ad
You Might Also Like...
Tags
amc
dead
finale
line-up
Order
rick
season
Starting
The Walking Dead
Walking
Zombies
Today's Top Quizzes in Television
Browse Television
hide this ad
Today's Top Quizzes in Walking
Browse Walking
Top Contributed Quizzes in Television
1
Hidden Simpsons Character
2
First Name TV: Leading Men
3
Hidden Simpsons Character XXIV
4
First Name TV: Leading Women Drama
5
Hidden Simpsons Character XXV
6
Pick A Pair: Religious TV
7
Hidden Simpsons Character XXVI
8
One Piece Logic Puzzle
9
Demon Slayer Impossible Quiz
10
Hidden Simpsons Character II
Explore More
Trending Topics
Disney
Anime
Kpop
Marvel
Crossword
NBA
Harry Potter
The Office
NFL
WWE
Song
Country
Pokémon
Soccer
Puzzle
hide this ad
More By:
fourtris5eva
Quiz
Plays
Rating
Category
Featured
Created
The Walking Dead 10-1
17,585
4.49
Television
May 30, 2016
Walking Dead Line-Up
8,370
4.04
Television
May 25, 2016
Name The Anime Character
5,067
3.45
Television
Jun 24, 2016
Divergent Deaths (Allegiant Spoilers)
3,537
4.75
Literature
Dec 24, 2013
One Tree Hill Characters A-Z (Copy)
2,750
3.33
Television
Jan 30, 2016
Go to Creator's Profile
Score Distribution
Quiz Creator Spotlight
fourtris5eva
Follow
Send a Message
Quizzes Created
-
Created Quiz Play Count
-
More By This Creator
Popular Quizzes Today
1
Find the US States - No Outlines Minefield
2
Countries of Asia Without Outlines Minefield
3
Pick 6: Fruits
4
Alphabetical 'K' Countries by Flag Minefield
5
The Countries of the World
6
Find the US States
7
Match the Book to the Film X
8
US States
More Television Quizzes
Five Season TV Shows III
Published
Trending Quizzes
Pick 6: Mountains
Pick 6: Harry Potter
Pick 6: NFL Teams
Pick 6: Movie Franchises
Pick 6: Golfers
Recently Updated
NWSL Teams
pecheneg
Women's Final Four Teams by Year
bhenderson79
Presidents Quartet II
eogle
Anything But Clue(do)
eogle
Anything But Oceanian Capitals
eogle
Anything But 7
eogle
Anything But Thing
eogle
Word Ladder: February 29
pecheneg
Song Title Questions
pecheneg
Women's NCAA Tournament #1 Seeds
pecheneg
Trending Topics
Anime
Crossword
Disney
NBA
Harry Potter
Marvel
Kpop
Country
Pokémon
Soccer
NFL
WWE
The Office
Song
Puzzle
Your Account Isn't Verified!
In order to create a playlist on Sporcle, you need to verify the email address you used during registration. Go to your
Sporcle Settings
to finish the process.
Report this User
Report this user for behavior that violates our
Community Guidelines
.
Details:
Send Report
Go to the Sporcle.com Mobile Site →
Comments